000 01150nam0a22003011 4500
001 rc\3520384
005 20250610031331.0
021 _aRU
_b[74-98502]
035 _a(NLR Aleph) 007661181
090 _a6333226
_c6333226
100 _a20130115d1974 |||y0rusy50 ca
101 0 _arus
102 _aRU
105 _aa z |||||
200 1 _aЭксплуатация оборудования мельниц и крупозаводов
210 _aМосква
_cКолос
_d1974
215 _a304 с.
_cил.
_d21
300 _aПеред загл. авт.: В.А. Бутковский, Л.А. Гафнер, В.Г. Кулак
320 _aСписок лит.: с. 301-302
606 _aМукомольно-крупяные предприятия
_xОборудование
_xЭксплуатация
_2psbo
700 1 _aБутковский
_bВ.А.
_gВячеслав Аронович
701 1 _aГафнер
_bЛ.А.
_gЛев Андреевич
701 1 _aКулак
_bВ.Г.
_gВладимир Григорьевич
801 0 _aRU
_bNLR
_gpsbo
801 1 _aRU
_bELAR
_2rusmarc
852 _aNLR
_j74-5/4306
942 _cBOOK
980 _aNB